Romanesque sculpture of the pilgrimage roads / (Record no. 121681)
[ view plain ]
| 000 -LEADER | |
|---|---|
| campo de control de longitud fija | 01034nam a2200181 i 4500 |
| 001 - NÚMERO DE CONTROL | |
| campo de control | 121681 |
| 003 - IDENTIFICADOR DE NÚMERO DE CONTROL | |
| campo de control | ES-MaACL |
| 005 - FECHA Y HORA DE LA ÚLTIMA TRANSACCIÓN | |
| campo de control | 20230906191811.0 |
| 007 - CAMPO FIJO DE DESCRIPCIÓN FÍSICA--INFORMACIÓN GENERAL | |
| campo de control de longitud fija | t| |
| 008 - DATOS DE LONGITUD FIJA--INFORMACIÓN GENERAL | |
| campo de control de longitud fija | 070214s1923 xxu r ||||1| eng d |
| 100 1# - ENTRADA PRINCIPAL--NOMBRE DE PERSONA | |
| Nombre de persona | Porter, A. Kingsley. |
| 9 (RLIN) | 68076 |
| 245 10 - MENCIÓN DEL TÍTULO | |
| Título | Romanesque sculpture of the pilgrimage roads / |
| Mención de responsabilidad, etc. | Arthur Kingsley Porter. |
| 260 ## - PUBLICACIÓN, DISTRIBUCIÓN, ETC. | |
| Lugar de publicación, distribución, etc. | Boston : |
| Nombre del editor, distribuidor, etc. | Mr. Grath. Sherrill Press, |
| Fecha de publicación, distribución, etc. | 1923. |
| 300 ## - DESCRIPCIÓN FÍSICA | |
| Extensión | 2 t., 10 v. : |
| Otras características físicas | il. ; |
| Dimensiones | 24 cm. |
| 505 8# - NOTA DE CONTENIDO CON FORMATO | |
| Nota de contenido con formato | Contiene: I. Text- XXVII + 385 pág. -- II. Burgundy- 12 pág. + 150 lám. -- III. Toscany and Apulia- 9 págs. + lám. 151-261 -- IV.- Aquitaine- 16 pág.+ lám. 262-511. -- V. Catalonia, and Aragón.- 10 pág. + lám. 513-636 -- VI Castile. Asturias. Galicia- 16 pág. + lám. 637-895 -- VII. Western France.- 16 pág.+ lám. 893-1138 --VIII.- Auvergne and, Dauphine- 11 pág.+ lám. 1139- 1277 -- IX.- Provence- 18 pág. + lám. 1278-1410 -- X.- Ile de France-10 pág.+ lám. 1411-1527 |
| 650 #4 - PUNTO DE ACCESO ADICIONAL DE MATERIA--TÉRMINO DE MATERIA | |
| Término de materia o nombre geográfico como elemento de entrada | Escultura románica- |
| Subdivisión geográfica | España. |
| 9 (RLIN) | 149893 |
| 852 ## - LOCALIZACIÓN | |
| Ubicación | ES-MaACL |
| Número de control de estantería | C-8354-63 |
| Estatus retirado | Estado de pérdida | Estado de daño | No para préstamo | Biblioteca de origen | Biblioteca actual | Ubicación en estantería | Fecha de adquisición | Fuente de adquisición | Total de préstamos | Signatura topográfica completa | Código de barras | Visto por última vez | Precio de reemplazo | Tipo de ítem Koha |
|---|---|---|---|---|---|---|---|---|---|---|---|---|---|---|
| Biblioteca del Ateneo de Madrid | Biblioteca del Ateneo de Madrid | Sala Palomar | 17/01/2008 | C-8354-63 | 1126806 | 23/02/2023 | 23/02/2023 | Libro impreso |
